Westchester County Airport Destinations (White Plains, NY, USA) - Statistics

General Stats
  • This quiz has been taken 88 times
    41 since last reset
  • The average score is 17 of 30
Answer Stats
Airline Destination % Correct
Delta Air Lines/Delta Connection Atlanta
91%
American Eagle Miami
91%
JSX Miami (Opa Locka)
91%
American Eagle/United Express Chicago (O'Hare)
86%
American Eagle Charlotte
83%
BermudAir Bermuda
77%
JetBlue Fort Lauderdale
77%
JSX Fort Lauderdale (Executive)
77%
JetBlue Tampa
77%
American Eagle Washington (National)
77%
JetBlue Orlando
74%
Delta Connection Detroit
71%
JetBlue Fort Myers
69%
Breeze Airways Jacksonville (FL)
63%
Breeze Airways Raleigh/Durham
60%
Breeze Airways Savannah
60%
JetBlue/JSX West Palm Beach
60%
Breeze Airways/JetBlue Charleston (SC)
54%
Breeze Airways Sarasota
51%
Delta Connection Minneapolis/St. Paul
49%
Breeze Airways Myrtle Beach
49%
Cape Air Martha's Vineyard
43%
JetBlue Nantucket
43%
JetBlue San Juan
26%
Breeze Airways Daytona Beach
23%
Breeze Airways Greenville/Spartanburg
17%
Cape Air Provincetown
14%
Cape Air Lebanon (NH)
11%
JSX Naples (FL)
6%
Breeze Airways Vero Beach
6%
No matching quizzes found
Score Distribution
Percent of People with Each Score
Percentile by Number Answered
Your Score History
You have not taken this quiz since the last reset